00768nam a22002057a 4500003000400000005001700004008004100021020001500062040000700077100002400084245008300108260004300191300001900234505016100253650002700414650002300441650002100464700002500485710005200510OSt20181025070020.0180226b xxu||||| |||| 00| 0 spa d a9502006364 cPJ aMagalhaes, Mario de10aTasas judiciales :bley Nº 23.898 /cMario de Magalhaes, Josefina Rubinstein. aBuenos Aires :bAbeledo-Perrot,c1992. a166 p.c17 cm. aContenido: Comentario - aplicación. Doctrina - jurisprudencia. Breve guía del despacho judicial fiscal. Índice de categorías jurídicas procesales. 0aDERECHO PROCESAL CIVIL 0aGASTOS DEL PROCESO 0aTASA DE JUSTICIA aRubinstein, Josefina aArgentina. Leyes, decretos, etc. Ley nº 23.898